The tides of history /

Saved in:

Main Author: Pirenne, Jacques, 1891-1972 (Author)

Format: Book

Language: English
French

Published: London : George Allen & Unwin, 1962-

Edition: [1st ed.]

Subjects:

Tags: Add Tag

No Tags, Be the first to tag this record!

Call Number: D20 .P5132 v.1-2

LEADER 00937nam a22002771 4500
001 5338
003 OSt
005 20251119141541.0
008 130303m19629999enkb 000 0 eng d
010 |a 62007800 
035 |a ocm00863041 
040 |c ARCE Library 
041 1 |a eng  |h fre 
050 4 |a D20 .P5132 v.1-2 
100 1 |a Pirenne, Jacques,  |d 1891-1972,  |e author 
240 1 0 |a Grands courants de l'histoire universelle.  |l English 
245 1 4 |a The tides of history /  |c Translated from the French by Lavett Edwards. 
250 |a [1st ed.] 
264 1 |a London :   |b George Allen & Unwin,   |c 1962- 
300 |a 2 volumes :   |b maps (part folded) ;  |c 23 cm. 
500 |a Translation of : Les grands courants de l'histoire universelle. 
505 0 |a v. 1. From the beginnings to Islam -- v. 2. From the expansion of Islam to the treaties of Westphalia. 
650 0 |a World history. 
901 |a reviewed 
942 |c BK  |2 lcc 
999 |c 5275  |d 5275